| 000 | 01497nam a2200349Ia 4500 | ||
|---|---|---|---|
| 001 | ebr10395580 | ||
| 003 | CaPaEBR | ||
| 006 | m u | ||
| 007 | cr cn||||||||| | ||
| 008 | 090916s2010 miu sb 001 0 eng d | ||
| 010 | _z 2009038398 | ||
| 020 | _z9780472117147 (cloth : alk. paper) | ||
| 020 | _z9780472021864 (e-book) | ||
| 040 |
_aCaPaEBR _cCaPaEBR |
||
| 035 | _a(OCoLC)650313820 | ||
| 050 | 1 | 4 |
_aKF1296 _b.G54 2010eb |
| 082 | 0 | 4 |
_a346.7303/8 _222 |
| 100 | 1 |
_aGifford, Donald G., _d1952- |
|
| 245 | 1 | 0 |
_aSuing the tobacco and lead pigment industries _h[electronic resource] : _bgovernment litigation as public health prescription / _cDonald G. Gifford. |
| 260 |
_aAnn Arbor : _bUniversity of Michigan Press, _cc2010. |
||
| 300 | _avi, 309 p. | ||
| 504 | _aIncludes bibliographical references and index. | ||
| 533 |
_aElectronic reproduction. _bPalo Alto, Calif. : _cebrary, _d2010. _nAvailable via World Wide Web. _nAccess may be limited to ebrary affiliated libraries. |
||
| 650 | 0 |
_aProducts liability _zUnited States. |
|
| 650 | 0 |
_aProducts liability _xTobacco _zUnited States. |
|
| 650 | 0 |
_aLead based paint _xLaw and legislation _zUnited States. |
|
| 650 | 0 |
_aGovernment litigation _zUnited States. |
|
| 650 | 0 |
_aClass actions (Civil procedure) _zUnited States. |
|
| 655 | 7 |
_aElectronic books. _2local |
|
| 710 | 2 | _aebrary, Inc. | |
| 856 | 4 | 0 |
_uhttp://site.ebrary.com/lib/rucke/Doc?id=10395580 _zAn electronic book accessible through the World Wide Web; click to view |
| 999 |
_c190517 _d190517 |
||